000
00212nam a22001097a 4500
100
_a
Harit, James
245
_a
Chess The Beginners
250
_a
1995
260
_b
Varun Pub.
300
_a
153
942
_2
ddc
_c
BK
999
_c
11516
_d
11516